000 00573nam a2200169Ia 4500
008 090201s9999 xx 000 0 und d
010 _aKPL-62770
040 _bमराठी
041 _aमराठी
082 _a18154
_b62770
100 _aविजय देवधर
245 _aहेरगिरीच्या थरार कथा
_cविजय देवधर
260 _c2004
_bमंगलदीप प्रकाशन
300 _a200
_bमोठा
600 _aहेरगिरीच्या थरार कथा
942 _cBOOK
999 _c218065
_d218065